000 00827nam a2200241 i 4500
001 29312
003 ES-MaACL
005 20230906154017.0
007 t|
008 030121s1960 sp ||||1| spa d
100 1 _aBalzac, Honoré de,
_d1799-1850
_925139
245 1 0 _aEugenia Grandet
_b: ; Ilusiones perdidas ; El cura de aldea ; Una hija de Eva ; Un asunto tenebroso ; La piel de zapa /
_cHonoré de Balzac ; traducciones por J. Zambrano Barragán.
260 _aMadrid :
_bF.D.A.F.,
_c[1960] (
_fUguina)
300 _a1671 p. ;
_c18 cm.
700 1 _aZambrano Barragán, J.
_9117920
740 0 _aIlusiones perdidas.
740 3 _aEl cura de aldea.
740 4 _aUna hija de Eva.
740 3 _aUn asunto tenebroso.
740 3 _aLa piel de zapa.
852 _aES-MaACL
_jB-10114
_bR.47451
999 _c29312
_d29312